000 00436nam a2200181Ia 4500
008 151202s9999||||xx |||||||||||||| ||und||
082 _bPNVM-4134
100 _aBRITTAIN VERA.
245 _aTESTAMENT OF YOUTH.
260 _bVICTOR GOLLANCZ LTD.
260 _c0
300 _a0
600 _aBRITTAIN VERA.
630 _aTESTAMENT OF YOUTH.
700 _aBRITTAIN VERA.
730 _aTESTAMENT OF YOUTH.
942 _cBOOK
999 _c1270132
_d1270129